000 00569nam a2200181 a 4500
001 7444
003 CO-ViMGA
008 141112s2004 ck r 000 u spa d
040 _aCO-ViMGA
_bspa
_cCO-ViMGA
082 0 4 _a352.0072 V375
100 1 _aFernández González, Francisco Javier
_96701
245 1 0 _aLa intervención del municipio en la actividad económica. Los titulos en que la legitiman
260 _aMadrid :
_bCivitas,
_c1995
300 _a456 p
650 1 4 _aADMINISTRACION PUBLICA
_951587
650 1 4 _aMUNICIPIOS - ADMINISTRACION
_96702
942 _2ddc
_cBK
999 _c19392
_d19392